Une image -> une année (3) - Statistiques

Statistiques générales
  • Ce quiz a été pris 108 fois
  • Le résultat moyen est 15 sur 24
Statistiques - réponses
Par images Hint Réponse % Correct
Attentat 2001
100%
Confinement 2020
90%
Nouvelle monnaie 2002
88%
Attentats 2015
88%
Fin de mandat 2012
86%
Création 1945
82%
Femmes en France 1944
76%
Indépendance 1962
73%
Election 2009
70%
Création 1948
68%
Mort 1968
64%
Indépendance 1947
63%
Loi 1975
60%
Mort 1974
59%
Défaite 1954
51%
Révolution 1979
50%
Traité 1992
50%
Crise 1956
49%
Lancement 1957
49%
Communisme 1949
47%
Création 1960
47%
Guerre 1991
47%
marché unique 1986
41%
Fachoda 1898
16%
Aucun quiz correspondant
Distribution des résultats
% des personnes avec chaque résultat
Percentile par nombre de réponses
Votre historique - résultats
Vous n’avez pas pris ce quiz